00936nam a2200241 a 450000100060000000300080000600500170001400800410003103500190007204000360009104100110012708200250013810000330016324501630019626000500035930000290040950400290043865000280046770000290049594200120052499900170053695201410055367624BD-RjUL20211209081657.0170328s1963 enka 000 0 eng  a(BD-RjUL)67833 aDLC/ICUcICUdDLCdBD-RjULbeng1 aengrus00223a539.74bNEC 19631 aNemirovskii, P. E. 920050410aContemporary models of the atomic nucleus /cby P. E. Nemirovskii ; Translated from the Russian by S. and M. Nikolić. Translation edited by Bernard T. Feld. aOxford ;aNew York :bPergamon Press,cc1963. a332 p. :bill. ;c23 cm. aIncludes bibliographies. 0aNuclear models.9200505 aFeld, Bernard T.9200506 2ddccBK c67624d67624 00102ddc40718NFICaRUCLbRUCLcReadingd1965-11-05eZeitlingerg100.00l0o539.74 NEC 1963r2017-03-28 00:00:00tC-1w2017-03-28yBK